000 00631nam a2200253Ia 4500
001 3479
003 GBCCL
005 20241126110342.0
008 820510s1982 inu 00010 eng d
020 _a080249496X
035 _aOCM08413252 821220
040 _aIGR
_cIGR
_dLBB
049 _aLBBK
082 _a266
_bCOL
092 _a266
_bC694w
092 _a266
_bC712
100 1 0 _aCollins, Marjorie A.
245 1 0 _aWho cares about the missionary? /
_cby Marjorie A. Collins.
260 0 _aChicago :
_bMoody press,
_c1974.
300 _a140 p. ;
_c22 cm.
650 0 _aMissions.
650 0 _aMissionaries.
942 _2ddc
_cBK
999 _c635
_d635